000 00553nam a2200217Ia 4500
005 20250326144523.0
008 250326s9999 xx 000 0 und d
020 _a81-315-0305-4
037 _aTextbook
040 _aFMSL
_beng
_cFMSL
041 _aeng
_2eng
084 _aX:8D P6
_qFMSL
100 _aMadura J
_9735882
245 0 _aFicial institutions and markets
_cMadura J
250 _a7
260 _aUS
_bUS, South-Western
_c2006
300 _axxvi,771
365 _b450
942 _cTB
_hX:8D P6
999 _c1304021
_d1304021